[Event "Madrid-chT 2122"]
[Site "Madrid"]
[Date "2022.01.15"]
[Round "5.4"]
[White "Rodriguez Lopez, David"]
[Black "Renteria Becerra, Jorge Elicer"]
[Result "1-0"]
[WhiteElo "2147"]
[BlackElo "2277"]
[PlyCount "197"]
[EventDate "2021.11.27"]
[EventType "team-tourn"]
[EventRounds "14"]
[EventCountry "ESP"]
[SourceTitle "Ajedrez en Madrid"]
[Source "lmi"]
[SourceDate "2021.11.28"]
[SourceVersion "1"]
[SourceVersionDate "2022.03.28"]
[SourceQuality "1"]
[WhiteTeam "Tajamar"]
[BlackTeam "Blanco y Negro"]
[WhiteTeamCountry "ESP"]
[BlackTeamCountry "ESP"]

1. e4 c5 2. Nf3 d6 3. d4 Nf6 4. dxc5 Nxe4 5. cxd6 Qxd6 6. Qxd6 Nxd6 7. Nc3 Bf5
8. Nd5 Kd8 9. Bf4 f6 10. O-O-O e5 11. Be3 Nd7 12. Nc3 Be6 13. Nb5 Nxb5 14. Bxb5
Kc7 15. Rd3 Bc5 16. Nd2 Bxe3 17. Rxe3 a6 18. Rc3+ Kb6 19. Bc4 Bf5 20. Bd5 Ka7
21. Nc4 Rac8 22. Nd6 Rxc3 23. bxc3 Bg6 24. Bxb7 Nc5 25. Bc6 Kb6 26. Bf3 e4 27.
Bg4 Rf8 28. Nc4+ Kc7 29. Be2 Na4 30. Ne3 Nxc3 31. Bxa6 Nxa2+ 32. Kb2 Nb4 33.
Bc4 f5 34. g3 f4 35. gxf4 Kb6 36. Kc3 Kc5 37. f5 Bxf5 38. Rb1 Rb8 39. Nxf5 Nd5+
40. Bxd5 Rxb1 41. Bxe4 Rf1 42. Nxg7 Rxf2 43. Bxh7 Rxh2 44. Bd3 Rh3 45. Ne6+ Kd6
46. Ng5 Rh5 47. Ne4+ Ke5 48. Nd2 Rh8 49. Kb4 Rd8 50. Nb3 Kd5 51. Bc4+ Kc6 52.
Bb5+ Kb6 53. c4 Rh8 54. Nc5 Rh1 55. Nd7+ Kc7 56. Nf6 Rb1+ 57. Kc5 Kb7 58. Bc6+
Kc7 59. Ne8+ Kd8 60. Nd6 Rb2 61. Nb5 Rc2 62. Bd5 Kd7 63. Kb6 Rb2 64. c5 Rd2 65.
Bb7 Rh2 66. c6+ Kd8 67. Ka7 Rh7 68. Kb8 Rg7 69. c7+ Rxc7 70. Nxc7 Kd7 71. Nb5
Kd8 72. Bc8 Ke7 73. Kc7 Ke8 74. Kd6 Kf7 75. Ke5 Kg7 76. Nd6 Kf8 77. Kf6 Kg8 78.
Bf5 Kh8 79. Nf7+ Kg8 80. Bg6 Kf8 81. Bh7 Ke8 82. Ne5 Kd8 83. Nc4 Ke8 84. Be4
Kf8 85. Bd5 Ke8 86. Be6 Kf8 87. Ne5 Ke8 88. Nd7 Kd8 89. Ke5 Ke7 90. Kd5 Ke8 91.
Kd6 Kd8 92. Bf7 Kc8 93. Nc5 Kd8 94. Ne6+ Kc8 95. Kc6 Kb8 96. Kb6 Kc8 97. Be8
Kb8 98. Bd7 Ka8 99. Nc7+ 1-0

[Event "Madrid-chT 2122"]
[Site "Madrid"]
[Date "2022.01.15"]
[Round "5.5"]
[White "Balbuena Fuentes, Mario"]
[Black "Sahuquillo Cruz, Alejandro"]
[Result "1-0"]
[WhiteElo "2240"]
[BlackElo "2021"]
[PlyCount "92"]
[EventDate "2021.11.27"]
[EventType "team-tourn"]
[EventRounds "14"]
[EventCountry "ESP"]
[SourceTitle "Ajedrez en Madrid"]
[Source "lmi"]
[SourceDate "2021.11.28"]
[SourceVersion "1"]
[SourceVersionDate "2022.03.28"]
[SourceQuality "1"]
[WhiteTeam "Blanco y Negro"]
[BlackTeam "Tajamar"]
[WhiteTeamCountry "ESP"]
[BlackTeamCountry "ESP"]

1. e4 c5 2. Nf3 e6 3. d4 cxd4 4. Nxd4 Nc6 5. Nc3 Qc7 6. g3 a6 7. Bg2 h5 8. O-O
h4 9. Re1 hxg3 10. hxg3 d6 11. Nxc6 bxc6 12. e5 d5 13. Na4 Ne7 14. c4 Nf5 15.
Bg5 Rb8 16. Rc1 Qb7 17. a3 Bd7 18. b4 a5 19. bxa5 Bxa3 20. Rb1 Qc7 21. Rxb8+
Qxb8 22. Qd3 Be7 23. Bxe7 Nxe7 24. Qa3 Bc8 25. cxd5 cxd5 26. Bf1 f6 27. Qd6 Qa7
28. exf6 gxf6 29. Nb6 Bd7 30. Nxd7 Qxd7 31. Rxe6 Qxd6 32. Rxd6 Kf7 33. a6 Ra8
34. Kg2 Ra7 35. g4 Rc7 36. Rb6 Nc6 37. Rb7 Rxb7 38. axb7 Ke6 39. Bb5 Nb8 40. f4
Kd6 41. g5 fxg5 42. fxg5 Kc5 43. g6 Kxb5 44. g7 Kb6 45. g8=Q Kxb7 46. Qf8 d4
1-0

[Event "Madrid-chT 2122"]
[Site "Madrid"]
[Date "2022.01.15"]
[Round "5.6"]
[White "De Dompablo Fantova, Juan"]
[Black "Silva Peña, Angel David"]
[Result "0-1"]
[WhiteElo "1711"]
[BlackElo "1785"]
[PlyCount "114"]
[EventDate "2021.11.27"]
[EventType "team-tourn"]
[EventRounds "14"]
[EventCountry "ESP"]
[SourceTitle "Ajedrez en Madrid"]
[Source "lmi"]
[SourceDate "2021.11.28"]
[SourceVersion "1"]
[SourceVersionDate "2022.03.28"]
[SourceQuality "1"]
[WhiteTeam "Tajamar"]
[BlackTeam "Blanco y Negro"]
[WhiteTeamCountry "ESP"]
[BlackTeamCountry "ESP"]

1. e4 c5 2. Nc3 e6 3. f4 d5 4. d3 Nc6 5. Nf3 Nge7 6. Be2 d4 7. Nb1 g6 8. O-O
Bg7 9. Qe1 Bd7 10. Nbd2 b5 11. e5 O-O 12. Ne4 Qb6 13. g4 Nd5 14. Qh4 f5 15.
exf6 Nxf6 16. Nxf6+ Bxf6 17. Ng5 Rf7 18. Qh6 Bxg5 19. Qxg5 Nb4 20. Bd1 c4 21.
a3 Nd5 22. Bf3 Qd6 23. Bxd5 Qxd5 24. Qe5 Rc8 25. h3 Qxe5 26. fxe5 Rxf1+ 27.
Kxf1 cxd3 28. cxd3 Rc2 29. b4 Rh2 30. Ke1 Bc6 31. g5 Rxh3 32. Ke2 Rh2+ 33. Kf1
Kf7 34. Ke1 Ke7 35. Kd1 Bf3+ 36. Ke1 Kd7 37. Kf1 Kc6 38. Kg1 Rg2+ 39. Kf1 Rc2
40. Bf4 Be2+ 41. Ke1 Bxd3 42. Rc1 Rxc1+ 43. Bxc1 Kd5 44. Bf4 Ke4 45. Bg3 Kf5
46. Kd2 Bc4 47. Bh2 a6 48. Bg3 Kxg5 49. Bf2 d3 50. Ke3 Kg4 51. Kd2 h5 52. Be1
h4 53. Ke3 g5 54. Kf2 Kf5 55. Kf3 g4+ 56. Kg2 Bd5+ 57. Kh2 Kxe5 0-1

[Event "Madrid-chT 2122"]
[Site "Madrid"]
[Date "2022.01.16"]
[Round "5.1"]
[White "Corral Blanco, Juan Antonio"]
[Black "Candela Perez, Jose"]
[Result "1/2-1/2"]
[WhiteElo "2421"]
[BlackElo "2338"]
[PlyCount "88"]
[EventDate "2021.11.27"]
[EventType "team-tourn"]
[EventRounds "14"]
[EventCountry "ESP"]
[SourceTitle "Ajedrez en Madrid"]
[Source "lmi"]
[SourceDate "2021.11.28"]
[SourceVersion "1"]
[SourceVersionDate "2022.03.28"]
[SourceQuality "1"]
[WhiteTeam "La Didactica"]
[BlackTeam "Alcala de Henares"]
[WhiteTeamCountry "ESP"]
[BlackTeamCountry "ESP"]

1. d4 d5 2. c4 c6 3. Nf3 Nf6 4. Nc3 dxc4 5. a4 Bf5 6. Ne5 Nbd7 7. Nxc4 Qc7 8.
g3 e5 9. dxe5 Nxe5 10. Bf4 Nfd7 11. Bg2 g5 12. Ne3 gxf4 13. Nxf5 O-O-O 14. Qc2
Kb8 15. Rc1 Ng6 16. O-O a5 17. Rfd1 Qb6 18. Ne4 Bb4 19. e3 fxg3 20. hxg3 h5 21.
Rd3 Nde5 22. Rxd8+ Qxd8 23. Rd1 Qc8 24. Ng5 f6 25. Nf3 Nxf3+ 26. Bxf3 h4 27. g4
h3 28. Be2 Nh4 29. Nxh4 Rxh4 30. Qe4 Ka8 31. Kh1 Rh8 32. Qf4 Qe6 33. Bc4 Qe7
34. Kh2 Bc5 35. b3 Bb6 36. Qf5 Bc7+ 37. Kh1 Rd8 38. Rxd8+ Qxd8 39. Qd3 Qe7 40.
Qd4 Qh7 41. Qd3 Qe7 42. Qd4 Qb4 43. Qd1 Qc3 44. Qd3 Qb2 1/2-1/2

[Event "Madrid-chT 2122"]
[Site "Madrid"]
[Date "2022.01.16"]
[Round "5.2"]
[White "Moreno Ibañez, Miguel"]
[Black "Arriaga Lugo, Ricardo"]
[Result "1-0"]
[WhiteElo "2268"]
[BlackElo "2203"]
[PlyCount "55"]
[EventDate "2021.11.27"]
[EventType "team-tourn"]
[EventRounds "14"]
[EventCountry "ESP"]
[SourceTitle "Ajedrez en Madrid"]
[Source "lmi"]
[SourceDate "2021.11.28"]
[SourceVersion "1"]
[SourceVersionDate "2022.03.28"]
[SourceQuality "1"]
[WhiteTeam "Alcala de Henares"]
[BlackTeam "La Didactica"]
[WhiteTeamCountry "ESP"]
[BlackTeamCountry "ESP"]

1. e4 c5 2. Nf3 d6 3. d4 cxd4 4. Nxd4 Nf6 5. Nc3 a6 6. f4 e6 7. Qf3 Qc7 8. Be3
Nc6 9. O-O-O Nxd4 10. Rxd4 b5 11. a3 Bb7 12. g4 Rc8 13. g5 Nd7 14. h4 Nb6 15.
Kb1 d5 16. Bd3 Bc5 17. h5 O-O 18. e5 Nc4 19. Ne2 Rfe8 20. Bc1 Bxd4 21. Nxd4 Rb8
22. Qh3 Nxe5 23. fxe5 Qxe5 24. Nf3 Qc7 25. g6 e5 26. gxf7+ Qxf7 27. Bxh7+ Kh8
28. Bg6 1-0

[Event "Madrid-chT 2122"]
[Site "Madrid"]
[Date "2022.01.16"]
[Round "5.3"]
[White "Rodriguez Lapetra, Pablo"]
[Black "Fernandez Lledo, Javier"]
[Result "0-1"]
[WhiteElo "2155"]
[BlackElo "2245"]
[PlyCount "109"]
[EventDate "2021.11.27"]
[EventType "team-tourn"]
[EventRounds "14"]
[EventCountry "ESP"]
[SourceTitle "Ajedrez en Madrid"]
[Source "lmi"]
[SourceDate "2021.11.28"]
[SourceVersion "1"]
[SourceVersionDate "2022.03.28"]
[SourceQuality "1"]
[WhiteTeam "La Didactica"]
[BlackTeam "Alcala de Henares"]
[WhiteTeamCountry "ESP"]
[BlackTeamCountry "ESP"]

1. e4 c5 2. Nf3 e6 3. d4 cxd4 4. Nxd4 Nc6 5. Nc3 Qc7 6. g3 a6 7. Bg2 h5 8. h3
Nf6 9. O-O Bc5 10. Nxc6 bxc6 11. Na4 Ba7 12. Bf4 e5 13. Bg5 d6 14. c4 Nd7 15.
Qd2 Bd4 16. Be3 c5 17. Nc3 Bb7 18. Rac1 h4 19. g4 Qd8 20. Ne2 Bxe3 21. fxe3 Nf6
22. Nc3 Nh7 23. Rcd1 Ke7 24. Rf5 f6 25. Rdf1 Qb6 26. Qf2 Bc6 27. b3 Qb4 28.
Nd5+ Bxd5 29. exd5 Qc3 30. Rh5 Qd3 31. Kh1 Rag8 32. Qxh4 g5 33. Qf2 Qg6 34. Qf5
Qxf5 35. Rxf5 Nf8 36. Rxh8 Rxh8 37. Kh2 Nd7 38. Rf2 a5 39. Be4 Rb8 40. Kg3 a4
41. Bc2 e4 42. h4 gxh4+ 43. Kxh4 Ne5 44. Kg3 Rg8 45. Rf4 f5 46. Bd1 a3 47. Rxf5
Nd3 48. Rh5 Rf8 49. Rh2 Rf1 50. Bc2 Rf3+ 51. Kg2 Rxe3 52. Bxd3 exd3 53. Kf1 Kf6
54. Rh6+ Kg5 55. Re6 0-1

[Event "Madrid-chT 2122"]
[Site "Madrid"]
[Date "2022.01.16"]
[Round "5.4"]
[White "Cubillo Muñoz, Miguel"]
[Black "Barraza Caracuel, Ignacio"]
[Result "1-0"]
[WhiteElo "2125"]
[BlackElo "2111"]
[PlyCount "41"]
[EventDate "2021.11.27"]
[EventType "team-tourn"]
[EventRounds "14"]
[EventCountry "ESP"]
[SourceTitle "Ajedrez en Madrid"]
[Source "lmi"]
[SourceDate "2021.11.28"]
[SourceVersion "1"]
[SourceVersionDate "2022.03.28"]
[SourceQuality "1"]
[WhiteTeam "Alcala de Henares"]
[BlackTeam "La Didactica"]
[WhiteTeamCountry "ESP"]
[BlackTeamCountry "ESP"]

1. e4 e5 2. Nf3 Nc6 3. g3 Nf6 4. d3 Bc5 5. Bg2 d6 6. h3 O-O 7. O-O h6 8. Nbd2
Be6 9. Kh2 Qd7 10. a4 a5 11. c3 Bb6 12. Nh4 d5 13. f4 exf4 14. gxf4 dxe4 15.
dxe4 Rad8 16. Qe1 Qe7 17. e5 Nh7 18. Qg3 Bc8 19. Nc4 Qe6 20. f5 Qxc4 21. Bxh6
1-0

[Event "Madrid-chT 2122"]
[Site "Madrid"]
[Date "2022.01.16"]
[Round "5.5"]
[White "Merayo Lopez, Abraham"]
[Black "Yañez Rodriguez, Wilbert"]
[Result "1/2-1/2"]
[WhiteElo "2039"]
[BlackElo "2118"]
[PlyCount "77"]
[EventDate "2021.11.27"]
[EventType "team-tourn"]
[EventRounds "14"]
[EventCountry "ESP"]
[SourceTitle "Ajedrez en Madrid"]
[Source "lmi"]
[SourceDate "2021.11.28"]
[SourceVersion "1"]
[SourceVersionDate "2022.03.28"]
[SourceQuality "1"]
[WhiteTeam "La Didactica"]
[BlackTeam "Alcala de Henares"]
[WhiteTeamCountry "ESP"]
[BlackTeamCountry "ESP"]

1. d4 Nf6 2. c4 c5 3. d5 b5 4. Nf3 g6 5. Qc2 Bg7 6. e4 d6 7. cxb5 O-O 8. Nc3 a6
9. bxa6 Qa5 10. Nd2 Bxa6 11. Bxa6 Qxa6 12. b3 Nbd7 13. f4 e6 14. dxe6 fxe6 15.
Rb1 Ng4 16. Nf3 Qa5 17. Bd2 Ne3 18. Bxe3 Qxc3+ 19. Qxc3 Bxc3+ 20. Bd2 Bxd2+ 21.
Nxd2 Rxa2 22. Rf1 d5 23. Rf2 Rb8 24. Rc1 Rb4 25. g3 Rd4 26. exd5 exd5 27. Nf3
Rxf2 28. Kxf2 Rb4 29. Nd2 Kf7 30. Re1 h6 31. h3 Rb6 32. g4 Re6 33. Ra1 Rc6 34.
Nf3 Rb6 35. Nd2 Ke6 36. Re1+ Kf7 37. Ra1 Rc6 38. Nf3 Rb6 39. Nd2 1/2-1/2

[Event "Madrid-chT 2122"]
[Site "Madrid"]
[Date "2022.01.16"]
[Round "5.6"]
[White "Candela Martin, Alvaro"]
[Black "Baldus Martin, Juan"]
[Result "1/2-1/2"]
[WhiteElo "1861"]
[BlackElo "2011"]
[PlyCount "120"]
[EventDate "2021.11.27"]
[EventType "team-tourn"]
[EventRounds "14"]
[EventCountry "ESP"]
[SourceTitle "Ajedrez en Madrid"]
[Source "lmi"]
[SourceDate "2021.11.28"]
[SourceVersion "1"]
[SourceVersionDate "2022.03.28"]
[SourceQuality "1"]
[WhiteTeam "Alcala de Henares"]
[BlackTeam "La Didactica"]
[WhiteTeamCountry "ESP"]
[BlackTeamCountry "ESP"]

1. e4 e6 2. d4 d5 3. Nd2 c5 4. Ngf3 cxd4 5. Nxd4 Nc6 6. Bb5 Bd7 7. Bxc6 bxc6 8.
O-O Ne7 9. b3 c5 10. N4f3 d4 11. a4 Nc6 12. Nc4 Qc7 13. Bg5 f6 14. Bh4 e5 15.
h3 Bd6 16. Bg3 Be6 17. Nfd2 O-O 18. Qe2 Qd8 19. Nxd6 Qxd6 20. Nc4 Bxc4 21.
Qxc4+ Kh8 22. Rad1 Na5 23. Qc3 Qb6 24. Qd2 Nc6 25. f3 Rfe8 26. Be1 Rac8 27. Qd3
Nb4 28. Qc4 Qe6 29. Qxe6 Rxe6 30. Bxb4 cxb4 31. Rf2 g5 32. Kf1 Kg7 33. Ke1 Rc3
34. Rdd2 Kf7 35. Kd1 Rec6 36. Rfe2 Ke6 37. Rf2 Kd6 38. Rfe2 Kc5 39. Rd3 Rxd3+
40. cxd3 Kd6 41. Rb2 Rc3 42. Kd2 Ke6 43. Rb1 a5 44. g4 Kf7 45. Rb2 Kg6 46. Rb1
h5 47. Rb2 hxg4 48. fxg4 Kf7 49. Rb1 Ke7 50. Rb2 Ke6 51. Rb1 Kd6 52. Rb2 Rc8
53. Kd1 Rc7 54. Rf2 Ke6 55. Rc2 Rc3 56. Kd2 Rxb3 57. Rc5 Ra3 58. Rxa5 Ra2+ 59.
Kc1 b3 60. Rb5 Rxa4 1/2-1/2

[Event "Madrid-chT 2122"]
[Site "Madrid"]
[Date "2022.01.22"]
[Round "6.1"]
[White "Espinosa Aranda, Angel"]
[Black "Corral Blanco, Juan Antonio"]
[Result "1/2-1/2"]
[WhiteElo "2467"]
[BlackElo "2421"]
[PlyCount "115"]
[EventDate "2021.11.27"]
[EventType "team-tourn"]
[EventRounds "14"]
[EventCountry "ESP"]
[SourceTitle "Ajedrez en Madrid"]
[Source "lmi"]
[SourceDate "2021.11.28"]
[SourceVersion "1"]
[SourceVersionDate "2022.03.28"]
[SourceQuality "1"]
[WhiteTeam "Virgen de Atocha"]
[BlackTeam "La Didactica"]
[WhiteTeamCountry "ESP"]
[BlackTeamCountry "ESP"]

1. d4 Nf6 2. Nf3 b6 3. e3 Bb7 4. Bd3 c5 5. O-O g6 6. dxc5 bxc5 7. Nbd2 Bg7 8.
e4 O-O 9. e5 Ng4 10. Nc4 Nc6 11. Bf4 f6 12. exf6 Nxf6 13. Re1 Nb4 14. Bg3 Kh8
15. Ng5 Nxd3 16. Qxd3 Bd5 17. Rad1 Rc8 18. Ne5 Qe8 19. b3 d6 20. Nef3 c4 21.
Qe2 e5 22. Nd2 cxb3 23. c4 Ba8 24. axb3 Qc6 25. f3 d5 26. Bxe5 Rce8 27. f4 Qb6+
28. Qe3 Qxe3+ 29. Rxe3 dxc4 30. Nxc4 Nd5 31. Bxg7+ Kxg7 32. Ne6+ Kg8 33. Nxf8
Nxe3 34. Nxe3 Kxf8 35. Kf2 Bc6 36. Rc1 Re6 37. Rc5 a6 38. Nc4 Bb5 39. Rc8+ Kg7
40. Rc7+ Kg8 41. Ne5 g5 42. g3 Be8 43. Rb7 gxf4 44. gxf4 Bg6 45. Nc4 Bc2 46.
Ne3 Be4 47. Rb4 Kg7 48. f5 Re5 49. Rb6 Bxf5 50. Rxa6 Rb5 51. Rc6 Bg6 52. Rc3
Bf7 53. Nc4 Rh5 54. h3 Be6 55. Kg2 Rh4 56. Nb2 Kf6 57. Nd1 Rb4 58. Nf2 1/2-1/2

[Event "Madrid-chT 2122"]
[Site "Madrid"]
[Date "2022.01.22"]
[Round "6.2"]
[White "Arriaga Lugo, Ricardo"]
[Black "Rubio Mejia, Luis Ignacio"]
[Result "0-1"]
[WhiteElo "2203"]
[BlackElo "2408"]
[PlyCount "98"]
[EventDate "2021.11.27"]
[EventType "team-tourn"]
[EventRounds "14"]
[EventCountry "ESP"]
[SourceTitle "Ajedrez en Madrid"]
[Source "lmi"]
[SourceDate "2021.11.28"]
[SourceVersion "1"]
[SourceVersionDate "2022.03.28"]
[SourceQuality "1"]
[WhiteTeam "La Didactica"]
[BlackTeam "Virgen de Atocha"]
[WhiteTeamCountry "ESP"]
[BlackTeamCountry "ESP"]

1. d4 Nf6 2. c4 e6 3. Nf3 Bb4+ 4. Bd2 Qe7 5. a3 Bxd2+ 6. Nbxd2 d6 7. e4 e5 8.
d5 O-O 9. Be2 Nh5 10. g3 g6 11. O-O f5 12. exf5 Bxf5 13. Nh4 Ng7 14. Nxf5 gxf5
15. Qb3 b6 16. Rae1 f4 17. Bd3 Nd7 18. Qc2 h6 19. b4 a5 20. Nf3 Rf6 21. Nh4 Nf8
22. f3 Kh8 23. Rc1 axb4 24. axb4 fxg3 25. hxg3 Nh5 26. Kh2 Qg7 27. Qf2 Nh7 28.
Ra1 Raf8 29. Qg2 Rg8 30. Rg1 Ng5 31. Raf1 Qd7 32. Bc2 b5 33. c5 dxc5 34. bxc5
Qxd5 35. f4 Qxg2+ 36. Nxg2 exf4 37. gxf4 Ne6 38. Bb3 Rgf8 39. Bxe6 Rxe6 40. Rf2
Kh7 41. Rb1 c6 42. Rd1 Nf6 43. Kh3 Nd5 44. f5 Re4 45. Rf3 Rc4 46. f6 Rxc5 47.
Nh4 Rxf6 48. Rxf6 Nxf6 49. Rd6 Kg7 0-1

[Event "Madrid-chT 2122"]
[Site "Madrid"]
[Date "2022.01.22"]
[Round "6.3"]
[White "Almagro Llamas, Pablo"]
[Black "De la Puerta Cresis, Javier"]
[Result "1-0"]
[WhiteElo "2401"]
[BlackElo "2139"]
[PlyCount "81"]
[EventDate "2021.11.27"]
[EventType "team-tourn"]
[EventRounds "14"]
[EventCountry "ESP"]
[SourceTitle "Ajedrez en Madrid"]
[Source "lmi"]
[SourceDate "2021.11.28"]
[SourceVersion "1"]
[SourceVersionDate "2022.03.28"]
[SourceQuality "1"]
[WhiteTeam "Virgen de Atocha"]
[BlackTeam "La Didactica"]
[WhiteTeamCountry "ESP"]
[BlackTeamCountry "ESP"]

1. d4 Nf6 2. Nf3 g6 3. Bg5 Ne4 4. Bf4 d5 5. e3 Bg7 6. Nbd2 b6 7. Nxe4 dxe4 8.
Ne5 O-O 9. h4 f6 10. Nc4 c5 11. c3 Bb7 12. Qg4 Qd7 13. Qg3 b5 14. Nd2 cxd4 15.
exd4 Qd5 16. a4 a6 17. h5 g5 18. h6 Bh8 19. axb5 Qf5 20. Bxb8 Raxb8 21. bxa6
Ba8 22. b4 Rfc8 23. a7 Rb6 24. Be2 e3 25. fxe3 Qc2 26. e4 f5 27. Nc4 Bxd4 28.
cxd4 Rxc4 29. Qb8+ Rc8 30. Qxb6 Qxe4 31. d5 Bxd5 32. Qb8 Kf7 33. Qxc8 Qxb4+ 34.
Kf1 Qf4+ 35. Ke1 Qb4+ 36. Kd1 Qd4+ 37. Kc2 Be4+ 38. Kb3 Qb6+ 39. Kc4 Qb2 40.
Bh5+ Kf6 41. Qh8+ 1-0

[Event "Madrid-chT 2122"]
[Site "Madrid"]
[Date "2022.01.22"]
[Round "6.4"]
[White "Barraza Caracuel, Ignacio"]
[Black "Rabadan Velasco, Raul"]
[Result "1/2-1/2"]
[WhiteElo "2111"]
[BlackElo "2175"]
[PlyCount "86"]
[EventDate "2021.11.27"]
[EventType "team-tourn"]
[EventRounds "14"]
[EventCountry "ESP"]
[SourceTitle "Ajedrez en Madrid"]
[Source "lmi"]
[SourceDate "2021.11.28"]
[SourceVersion "1"]
[SourceVersionDate "2022.03.28"]
[SourceQuality "1"]
[WhiteTeam "La Didactica"]
[BlackTeam "Virgen de Atocha"]
[WhiteTeamCountry "ESP"]
[BlackTeamCountry "ESP"]

1. d4 d5 2. Nf3 e6 3. c4 dxc4 4. Nc3 a6 5. a4 Nf6 6. e3 b6 7. Bxc4 Bb7 8. O-O
c5 9. Qe2 Nbd7 10. Rd1 Qc7 11. d5 exd5 12. Nxd5 Nxd5 13. Bxd5 Bxd5 14. Rxd5 Nf6
15. Rd1 Qb7 16. b3 Be7 17. Bb2 O-O 18. Rac1 Rfd8 19. h3 Qe4 20. Rxd8+ Bxd8 21.
a5 Qe6 22. axb6 Qxb3 23. Rxc5 Qxb6 24. Qc2 Qb7 25. Ng5 Rb8 26. Bxf6 Qb1+ 27.
Qxb1 Rxb1+ 28. Kh2 gxf6 29. Rc8 fxg5 30. Rxd8+ Kg7 31. Kg3 Rb2 32. Rd5 Rb5 33.
Rd6 a5 34. Ra6 f6 35. h4 Kg6 36. hxg5 Rxg5+ 37. Kf3 Rf5+ 38. Kg3 Rb5 39. Ra7 h5
40. e4 Rg5+ 41. Kf3 Rb5 42. Kg3 Rg5+ 43. Kf3 Rb5 1/2-1/2

[Event "Madrid-chT 2122"]
[Site "Madrid"]
[Date "2022.01.22"]
[Round "6.5"]
[White "Martinez Conde Hernandez, Carlos"]
[Black "Merayo Lopez, Abraham"]
[Result "1-0"]
[WhiteElo "2176"]
[BlackElo "2039"]
[PlyCount "112"]
[EventDate "2021.11.27"]
[EventType "team-tourn"]
[EventRounds "14"]
[EventCountry "ESP"]
[SourceTitle "Ajedrez en Madrid"]
[Source "lmi"]
[SourceDate "2021.11.28"]
[SourceVersion "1"]
[SourceVersionDate "2022.03.28"]
[SourceQuality "1"]
[WhiteTeam "Virgen de Atocha"]
[BlackTeam "La Didactica"]
[WhiteTeamCountry "ESP"]
[BlackTeamCountry "ESP"]

1. e4 e5 2. Nf3 Nc6 3. Bb5 a6 4. Ba4 Nf6 5. O-O b5 6. Bb3 Be7 7. d4 d6 8. dxe5
Nxe5 9. Nxe5 dxe5 10. Qxd8+ Bxd8 11. a4 Bb7 12. axb5 axb5 13. Rxa8 Bxa8 14. f3
Be7 15. Be3 Bd6 16. Nc3 Bc6 17. Ra1 O-O 18. Ra6 Bd7 19. g4 b4 20. Na4 Rb8 21.
Nc5 Be8 22. h4 Nd7 23. Nxd7 Bxd7 24. Bd5 Kf8 25. Kf2 Ke7 26. h5 h6 27. Ke1 Be6
28. Bxe6 fxe6 29. b3 Rb5 30. Ra7 Kd7 31. Ra8 Ke7 32. Bf2 Kf7 33. Kd2 Rb7 34.
Kd3 g6 35. Be3 gxh5 36. gxh5 Bf8 37. Rc8 Kg7 38. Kc4 Kf7 39. Rd8 Ke7 40. Ra8
Kf7 41. Rc8 Kg7 42. f4 Bd6 43. fxe5 Bxe5 44. Re8 Kf7 45. Ra8 Kg7 46. Rd8 Bc3
47. Rd7+ Kg8 48. Bxh6 Ra7 49. Bf4 Ra2 50. Kd3 c5 51. Re7 Ra6 52. Be3 Bf6 53.
Rd7 Ra1 54. Rb7 Bc3 55. Bxc5 Rd1+ 56. Kc4 Re1 1-0

[Event "Madrid-chT 2122"]
[Site "Madrid"]
[Date "2022.01.22"]
[Round "6.6"]
[White "Baldus Martin, Juan"]
[Black "Rey Martinez, Jaime"]
[Result "0-1"]
[WhiteElo "2011"]
[BlackElo "2039"]
[PlyCount "110"]
[EventDate "2021.11.27"]
[EventType "team-tourn"]
[EventRounds "14"]
[EventCountry "ESP"]
[SourceTitle "Ajedrez en Madrid"]
[Source "lmi"]
[SourceDate "2021.11.28"]
[SourceVersion "1"]
[SourceVersionDate "2022.03.28"]
[SourceQuality "1"]
[WhiteTeam "La Didactica"]
[BlackTeam "Virgen de Atocha"]
[WhiteTeamCountry "ESP"]
[BlackTeamCountry "ESP"]

1. d4 d5 2. c4 dxc4 3. e3 e5 4. Bxc4 exd4 5. exd4 Nf6 6. Nf3 Be7 7. O-O O-O 8.
h3 Nbd7 9. Nc3 Nb6 10. Bb3 c6 11. Re1 Nbd5 12. Ne5 Be6 13. a3 Qc7 14. Bc2 Rad8
15. Qe2 Rfe8 16. Bd2 Nxc3 17. Bxc3 Nd5 18. Bd2 Bf6 19. Rad1 Bc8 20. Bc1 c5 21.
f4 cxd4 22. Ba4 Re7 23. Rxd4 Nxf4 24. Rxf4 Rxe5 25. Re4 Rxe4 26. Qxe4 Be6 27.
Kh1 g6 28. Qf3 Bh4 29. Rf1 Rd4 30. Bb3 Bf5 31. Qe3 Rd3 32. Qe8+ Kg7 33. Bxf7
Qxf7 34. Bh6+ Kf6 35. Qh8+ Ke7 36. Rc1 Bf6 37. Qb8 Rd7 38. Qxa7 Qd5 39. Qb8 Rd8
40. Qc7+ Qd7 41. Re1+ Be6 42. Qf4 Qd6 43. Qf3 Kf7 44. Qxb7+ Rd7 45. Qa8 Bg7 46.
Rf1+ Bf5 47. Bf4 Qd3 48. Re1 Re7 49. Rxe7+ Kxe7 50. Qb7+ Bd7 51. Bg5+ Kf7 52.
a4 Qf1+ 53. Kh2 Be5+ 54. g3 Qxh3+ 55. Kg1 Bd4+ 0-1

[Event "Madrid-chT 2122"]
[Site "Madrid"]
[Date "2022.01.23"]
[Round "6.1"]
[White "Reyes Larena, Juan"]
[Black "Alarcia Astiz, Carlos"]
[Result "1/2-1/2"]
[WhiteElo "2445"]
[BlackElo "2315"]
[PlyCount "82"]
[EventDate "2021.11.27"]
[EventType "team-tourn"]
[EventRounds "14"]
[EventCountry "ESP"]
[SourceTitle "Ajedrez en Madrid"]
[Source "lmi"]
[SourceDate "2021.11.28"]
[SourceVersion "1"]
[SourceVersionDate "2022.03.28"]
[SourceQuality "1"]
[WhiteTeam "San Sebastian de los Reyes"]
[BlackTeam "Blanco y Negro"]
[WhiteTeamCountry "ESP"]
[BlackTeamCountry "ESP"]

1. e4 c6 2. d4 d5 3. exd5 cxd5 4. Bd3 Nc6 5. c3 Nf6 6. h3 g6 7. Nf3 Bg7 8. O-O
O-O 9. Bf4 Bf5 10. Re1 a6 11. Na3 Bxd3 12. Qxd3 e6 13. Nc2 Rc8 14. Ne3 Re8 15.
Ng4 Nxg4 16. hxg4 h6 17. Ne5 Nxe5 18. Bxe5 Bxe5 19. Rxe5 Qh4 20. Qe2 Kg7 21.
Re3 Rh8 22. Rh3 Qg5 23. Rf1 h5 24. gxh5 Rxh5 25. f4 Qh6 26. Rxh5 Qxh5 27. Qxh5
gxh5 28. Kf2 Kg6 29. Kf3 Rc6 30. g3 Rb6 31. Rf2 Kf5 32. Rh2 Kf6 33. Ke3 Kg6 34.
a3 Rc6 35. Kf3 Rb6 36. Ke3 Rc6 37. Kd3 Rc8 38. Rh1 Rc6 39. Ke3 Rc8 40. Kf3 Rc6
41. Rh2 Rb6 1/2-1/2

[Event "Madrid-chT 2122"]
[Site "Madrid"]
[Date "2022.01.23"]
[Round "6.2"]
[White "Renteria Becerra, Jorge Elicer"]
[Black "Adan Bermudez, Sergio"]
[Result "1/2-1/2"]
[WhiteElo "2277"]
[BlackElo "2341"]
[PlyCount "107"]
[EventDate "2021.11.27"]
[EventType "team-tourn"]
[EventRounds "14"]
[EventCountry "ESP"]
[SourceTitle "Ajedrez en Madrid"]
[Source "lmi"]
[SourceDate "2021.11.28"]
[SourceVersion "1"]
[SourceVersionDate "2022.03.28"]
[SourceQuality "1"]
[WhiteTeam "Blanco y Negro"]
[BlackTeam "San Sebastian de los Reyes"]
[WhiteTeamCountry "ESP"]
[BlackTeamCountry "ESP"]

1. e4 c5 2. Nf3 g6 3. d4 cxd4 4. Nxd4 Bg7 5. Nc3 Nc6 6. Be3 Nf6 7. Nxc6 bxc6 8.
e5 Ng8 9. Bd4 f6 10. exf6 Nxf6 11. Bc4 Qc7 12. O-O d5 13. Bxf6 Bxf6 14. Nxd5
cxd5 15. Qxd5 Bb7 16. Qf7+ Kd8 17. Rad1+ Kc8 18. Rd3 a5 19. Rfd1 Kb8 20. c3 Ka7
21. Rd7 Qc6 22. Bf1 Rac8 23. b4 Rhf8 24. Qd5 Qxd5 25. R1xd5 Kb8 26. Rb5 Rc7 27.
Rxc7 Kxc7 28. Rxa5 Rd8 29. Rc5+ Kb8 30. a4 Rd1 31. f4 Rc1 32. Kf2 Bxc3 33. Kg3
h5 34. f5 Be1+ 35. Kh3 Rxc5 36. bxc5 gxf5 37. Be2 e5 38. g3 h4 39. Kxh4 f4 40.
Kg4 Bd2 41. gxf4 Bxf4 42. h4 Be4 43. Bc4 Kc7 44. Bb5 Be3 45. Be2 Bxc5 46. Bf3
Bd3 47. h5 Be3 48. Bd5 Kd6 49. Bf7 Ke7 50. Bg6 Bxg6 51. hxg6 Kf6 52. g7 Kxg7
53. Kf5 Bd4 54. a5 1/2-1/2